Environmentálne aspekty ochrany životného prostredia v daňovej sústave SR bakalárska práca

Enregistré dans:
Détails bibliographiques
Auteur principal: Magda, Pavol
Collectivité auteur: Národohospodárska fakulta EU. Katedra financií
Autres auteurs: Válek, Juraj, 1981-
Format: Livre
Langue:slovaque
Publié: Bratislava 2013
Tags: Ajouter un tag
Pas de tags, Soyez le premier à ajouter un tag!

MARC

LEADER 00000nbm a2200000 4500
001 0172373
005 20161109112047.0
041 0 |a slo 
044 |a SK 
245 1 0 |a Environmentálne aspekty ochrany životného prostredia v daňovej sústave SR  |b bakalárska práca  |c Pavol Magda ; školiteľ: Juraj Válek 
264 1 |a Bratislava  |c 2013 
300 |a 55 s. 
100 1 |a Magda, Pavol 
700 1 |a Válek, Juraj, 1981- 
710 2 |a Národohospodárska fakulta EU. Katedra financií